000 00795nas a2200241 4500
001 BR9203826
003 BR-BrBNA
005 20231205095103.0
007 ta
008 230509b bl.|||p| |||| 00| 00por d
040 _aBR-BrBNA
_bpor
_cBiblioteca Nacional de Agricultura
041 _a(Pt)
072 _aL70
100 1 _aPinheiro, N.L.
100 1 _aCardoso, T.R.D.
100 1 _aLanzieri, P.D.
245 1 _aAspectos histoquimicos da secrecao sintetizada pelo epitelio da bolsa cloacal de Gallus gallus em diferentes idades
650 _aGalo
650 _aVeterinaria
773 0 _tArquivos da Universidade Federal Rural do Rio de Janeiro (Brazil)
_xISSN 0100-2481
_g(Jan-Jun 1984), v. 7(1) p. 11-14
_wBR9203826
909 _a202311
_bLúcia
_c55
_dLúcia Elande
942 _2AGRIS
_n0
_cANA
999 _c148643
_d148643